<?xml version="1.0" encoding="UTF-8"?>
<record
    xmlns:xsi="http://www.w3.org/2001/XMLSchema-instance"
    xsi:schemaLocation="http://www.loc.gov/MARC21/slim http://www.loc.gov/standards/marcxml/schema/MARC21slim.xsd"
    xmlns="http://www.loc.gov/MARC21/slim">

  <leader>00467nam a2200157Ia 4500</leader>
  <controlfield tag="003">OSt</controlfield>
  <controlfield tag="005">20260518092640.0</controlfield>
  <controlfield tag="008">241002s9999    xx            000 0 und d</controlfield>
  <datafield tag="040" ind1=" " ind2=" ">
    <subfield code="c">AACR2</subfield>
  </datafield>
  <datafield tag="082" ind1=" " ind2=" ">
    <subfield code="a">15.548 BAH</subfield>
  </datafield>
  <datafield tag="100" ind1=" " ind2=" ">
    <subfield code="a">Bahadur, Yar Jang</subfield>
  </datafield>
  <datafield tag="245" ind1=" " ind2="0">
    <subfield code="a">Mumlikat Haidrabad Aik Elmi Adabi Sakafati Tazkara (&#x645;&#x645;&#x644;&#x6A9;&#x62A; &#x62D;&#x6CC;&#x62F;&#x631;&#x622;&#x628;&#x627;&#x62F; &#x627;&#x6CC;&#x6A9; &#x639;&#x644;&#x645;&#x6CC; &#x627;&#x62F;&#x628;&#x6CC; &#x648; &#x62B;&#x642;&#x627;&#x641;&#x62A;&#x6CC; &#x62A;&#x630;&#x6A9;&#x631;&#x6C1;)</subfield>
  </datafield>
  <datafield tag="260" ind1=" " ind2=" ">
    <subfield code="a">Karachi:</subfield>
    <subfield code="c">1967</subfield>
  </datafield>
  <datafield tag="600" ind1=" " ind2=" ">
    <subfield code="a">Literature</subfield>
  </datafield>
  <datafield tag="942" ind1=" " ind2=" ">
    <subfield code="c">UC</subfield>
    <subfield code="2">ddc</subfield>
  </datafield>
  <datafield tag="952" ind1=" " ind2=" ">
    <subfield code="0">0</subfield>
    <subfield code="1">0</subfield>
    <subfield code="2">ddc</subfield>
    <subfield code="4">0</subfield>
    <subfield code="7">0</subfield>
    <subfield code="a">UITU</subfield>
    <subfield code="b">UITU</subfield>
    <subfield code="d">1994-01-01</subfield>
    <subfield code="l">0</subfield>
    <subfield code="o">15.548 BAH</subfield>
    <subfield code="p">UC692</subfield>
    <subfield code="r">2024-10-02 09:31:27</subfield>
    <subfield code="w">2024-10-02</subfield>
    <subfield code="y">UC</subfield>
  </datafield>
  <datafield tag="999" ind1=" " ind2=" ">
    <subfield code="c">19019</subfield>
    <subfield code="d">19019</subfield>
  </datafield>
</record>
